Моделирование процесса получения мелкоразмерных частиц с использование плазменного распыления; Инновационные технологии в машиностроении
| Parent link: | Инновационные технологии в машиностроении.— 2020.— [С. 65-67] |
|---|---|
| מחבר ראשי: | |
| מחבר תאגידי: | |
| מחברים אחרים: | , |
| סיכום: | Заглавие с экрана В работе рассмотрено моделирование процесса, получения порошков микро- и наноразмерного диапазона. По результатам моделирование было спроектировано и разработано сопло плазмотрона, реализующего процесс генерации капель микро- и наноразмерного диапазона. The paper considers the modeling of the process of obtaining powders of the micro- and nanoscale range. Based on the simulation results, a plasma torch nozzle was designed and developed that implements the micro- and nanoscale droplet generation process. |
| שפה: | רוסית |
| יצא לאור: |
2020
|
| סדרה: | Технологии получения неразъемных соединений в машиностроении |
| נושאים: | |
| גישה מקוונת: | http://earchive.tpu.ru/handle/11683/59329 |
| פורמט: | אלקטרוני Book Chapter |
| KOHA link: | https://koha.lib.tpu.ru/cgi-bin/koha/opac-detail.pl?biblionumber=631091 |
MARC
| LEADER | 00000naa2a2200000 4500 | ||
|---|---|---|---|
| 001 | 631091 | ||
| 005 | 20240116135159.0 | ||
| 035 | |a (RuTPU)RU\TPU\conf\32772 | ||
| 035 | |a RU\TPU\conf\32771 | ||
| 090 | |a 631091 | ||
| 100 | |a 20200522d2020 k y0rusy50 ca | ||
| 101 | 0 | |a rus | |
| 102 | |a RU | ||
| 105 | |a y z 101zy | ||
| 135 | |a drcn ---uucaa | ||
| 181 | 0 | |a i | |
| 182 | 0 | |a b | |
| 200 | 1 | |a Моделирование процесса получения мелкоразмерных частиц с использование плазменного распыления |f М. А. Кузнецов, А. В. Крюков, С. А. Солодский | |
| 203 | |a Текст |c электронный | ||
| 225 | 1 | |a Технологии получения неразъемных соединений в машиностроении | |
| 300 | |a Заглавие с экрана | ||
| 320 | |a [Библиогр.: с. 67 (4 назв.)] | ||
| 330 | |a В работе рассмотрено моделирование процесса, получения порошков микро- и наноразмерного диапазона. По результатам моделирование было спроектировано и разработано сопло плазмотрона, реализующего процесс генерации капель микро- и наноразмерного диапазона. | ||
| 330 | |a The paper considers the modeling of the process of obtaining powders of the micro- and nanoscale range. Based on the simulation results, a plasma torch nozzle was designed and developed that implements the micro- and nanoscale droplet generation process. | ||
| 463 | 0 | |0 (RuTPU)RU\TPU\conf\32768 |t Инновационные технологии в машиностроении |o сборник трудов XI Международной научно-практической конференции, 21–23 мая 2020 г., Юрга |f Национальный исследовательский Томский политехнический университет (ТПУ), Юргинский технологический институт (ЮТИ) ; под ред. С. А. Солодского |v [С. 65-67] |d 2020 | |
| 610 | 1 | |a электронный ресурс | |
| 610 | 1 | |a труды учёных ТПУ | |
| 610 | 1 | |a моделирование процесса | |
| 610 | 1 | |a частицы | |
| 610 | 1 | |a плазменное распыление | |
| 610 | 1 | |a порошки | |
| 610 | 1 | |a сопла | |
| 610 | 1 | |a плазмотроны | |
| 610 | 1 | |a микроразмерные порошки | |
| 610 | 1 | |a наноразмерные порошки | |
| 610 | 1 | |a modeling | |
| 610 | 1 | |a plasmatron nozzle | |
| 610 | 1 | |a micro- and nanoscale powders | |
| 700 | 1 | |a Кузнецов |b М. А. |c специалист в области сварочного производства |c доцент Юргинского технологического института (филиала) Томского политехнического университета, кандидат технических наук |f 1985- |g Максим Александрович |3 (RuTPU)RU\TPU\pers\29708 |9 14202 | |
| 701 | 1 | |a Крюков |b А. В. |c специалист в области сварочного производства |c доцент Юргинского технологического института (филиала) Томского политехнического университета, кандидат технических наук |f 1979- |g Артем Викторович |3 (RuTPU)RU\TPU\pers\24492 |9 10815 | |
| 701 | 1 | |a Солодский |b С. А. |c специалист в области экологии и безопасности жизнедеятельности |c доцент Юргинского технологического интитута (филиала) Томского политехнического университета, кандидат технических наук |f 1980- |g Сергей Анатольевич |3 (RuTPU)RU\TPU\pers\24210 |9 10704 | |
| 712 | 0 | 2 | |a Национальный исследовательский Томский политехнический университет |b Юргинский технологический институт |c (2009- ) |3 (RuTPU)RU\TPU\col\15903 |
| 801 | 2 | |a RU |b 63413507 |c 20200527 |g RCR | |
| 856 | 4 | |u http://earchive.tpu.ru/handle/11683/59329 | |
| 942 | |c BK | ||